|
|
|
|
| LEADER |
00943nam a2200217 a 4500 |
| 001 |
GR-MES2612 |
| 008 |
991111s1998 gr b 001 b eng d |
| 020 |
|
|
|a 0881791237
|
| 040 |
|
|
|a GrPaTEI
|b gre
|c GR-PaULI
|
| 245 |
0 |
0 |
|a Freshwater aquaculture :
|b A handbook for small scale fish culture in North America.
|
| 260 |
|
|
|a Vancouver :
|b Hartley and Marks,
|c 1998
|
| 300 |
|
|
|a 583σ. :
|b pic.,διαγρ.,πίν.
|
| 504 |
|
|
|a Περιλαμβάνει βιβλιογραφικές παραπομπές και ευρετήριο.
|
| 650 |
|
4 |
|a Γλυκά νερά
|
| 650 |
|
4 |
|a ΙΧΘΥΟΚΑΛΛΙΕΡΓΙΑ
|
| 700 |
1 |
|
|a McLarney, William
|
| 710 |
0 |
|
|a Hartley and Marks
|
| 942 |
|
|
|2 ddc
|
| 952 |
|
|
|0 0
|1 0
|2 ddc
|4 0
|6 639_311000000000000_MCL
|7 0
|9 267027
|a MSLG
|b MSLG
|c BSC
|d 2021-01-17
|e 24
|f 0
|g 0.00
|l 0
|o 639.311 MCL
|p 2420000014012
|r 2021-01-17 00:00:00
|t 1
|w 2021-01-17
|y BK15
|x 19991111 0 1
|x GrPaTEI
|
| 971 |
|
|
|a .b25736577
|b 15-04-20
|c 13-09-16
|
| 999 |
|
|
|c 153690
|d 153690
|